Power and performance : (Record no. 305147)
[ view plain ]
| 000 -LEADER | |
|---|---|
| fixed length control field | 01625cam a22004097i 4500 |
| 001 - CONTROL NUMBER | |
| control field | 18533611 |
| 003 - CONTROL NUMBER IDENTIFIER | |
| control field | SISC |
| 005 - DATE AND TIME OF LATEST TRANSACTION | |
| control field | 20161004153054.0 |
| 008 - FIXED-LENGTH DATA ELEMENTS--GENERAL INFORMATION | |
| fixed length control field | 150319s2015 ne a b 001 0 eng d |
| 010 ## - LIBRARY OF CONGRESS CONTROL NUMBER | |
| LC control number | 2015936504 |
| 020 ## - INTERNATIONAL STANDARD BOOK NUMBER | |
| International Standard Book Number | 9780128007266 |
| 020 ## - INTERNATIONAL STANDARD BOOK NUMBER | |
| International Standard Book Number | 0128007265 |
| 020 ## - INTERNATIONAL STANDARD BOOK NUMBER | |
| Cancelled/invalid ISBN | 9780128008140 |
| 035 ## - SYSTEM CONTROL NUMBER | |
| System control number | (OCoLC)ocn913191990 |
| 040 ## - CATALOGING SOURCE | |
| Original cataloging agency | CVU |
| Language of cataloging | eng |
| Transcribing agency | CVU |
| Description conventions | rda |
| Modifying agency | OCLCO |
| -- | YDXCP |
| -- | BTCTA |
| -- | CDX |
| -- | MVP |
| -- | OCLCF |
| -- | OCLCO |
| -- | NAM |
| -- | OCLCO |
| -- | MYG |
| -- | DLC |
| 042 ## - AUTHENTICATION CODE | |
| Authentication code | lccopycat |
| 050 00 - LIBRARY OF CONGRESS CALL NUMBER | |
| Classification number | QA 76.76.S65 |
| Item number | .K85 2015 |
| 082 04 - DEWEY DECIMAL CLASSIFICATION NUMBER | |
| Classification number | 006.3/3 |
| 100 1# - MAIN ENTRY--PERSONAL NAME | |
| Personal name | Kukunas, Jim, |
| Relator term | author. |
| 245 10 - TITLE STATEMENT | |
| Title | Power and performance : |
| Remainder of title | software analysis and optimization / |
| Statement of responsibility, etc | Jim Kukunas. |
| 260 ## - PUBLICATION, DISTRIBUTION, ETC. (IMPRINT) | |
| Place of publication, distribution, etc | USA : |
| Name of publisher, distributor, etc | Elsevier, |
| Date of publication, distribution, etc | 2015. |
| 300 ## - PHYSICAL DESCRIPTION | |
| Extent | xvii, 284 pages : |
| Other physical details | illustrations ; |
| Dimensions | 24 cm. |
| 500 ## - GENERAL NOTE | |
| General note | Includes bibliographical references and index. |
| 650 #0 - SUBJECT ADDED ENTRY--TOPICAL TERM | |
| Topical term or geographic name as entry element | Software measurement. |
| 650 #0 - SUBJECT ADDED ENTRY--TOPICAL TERM | |
| Topical term or geographic name as entry element | Computer software |
| General subdivision | Development. |
| 650 #0 - SUBJECT ADDED ENTRY--TOPICAL TERM | |
| Topical term or geographic name as entry element | Computer software |
| General subdivision | Evaluation. |
| 650 #0 - SUBJECT ADDED ENTRY--TOPICAL TERM | |
| Topical term or geographic name as entry element | High performance computing |
| General subdivision | Programming. |
| 650 #7 - SUBJECT ADDED ENTRY--TOPICAL TERM | |
| Topical term or geographic name as entry element | Computer software |
| General subdivision | Development. |
| Source of heading or term | fast |
| 650 #7 - SUBJECT ADDED ENTRY--TOPICAL TERM | |
| Topical term or geographic name as entry element | Computer software |
| General subdivision | Evaluation. |
| Source of heading or term | fast |
| 650 #7 - SUBJECT ADDED ENTRY--TOPICAL TERM | |
| Topical term or geographic name as entry element | Software measurement. |
| Source of heading or term | fast |
| 776 08 - ADDITIONAL PHYSICAL FORM ENTRY | |
| Display text | Online version: |
| Main entry heading | Kukunas, Jim. |
| Title | Power and performance. |
| Place, publisher, and date of publication | Amsterdam : Morgan Kaufmann, [2015] |
| International Standard Book Number | 9780128008140 |
| Record control number | (OCoLC)908192108 |
| 856 42 - ELECTRONIC LOCATION AND ACCESS | |
| Materials specified | Publisher description |
| Uniform Resource Identifier | <a href="https://www.loc.gov/catdir/enhancements/fy1614/2015936504-d.html">https://www.loc.gov/catdir/enhancements/fy1614/2015936504-d.html</a> |
| 906 ## - LOCAL DATA ELEMENT F, LDF (RLIN) | |
| a | 7 |
| b | cbc |
| c | copycat |
| d | 2 |
| e | ncip |
| f | 20 |
| g | y-gencatlg |
| 942 ## - ADDED ENTRY ELEMENTS (KOHA) | |
| Source of classification or shelving scheme | Library of Congress Classification |
| Koha item type | Books |
| Withdrawn status | Lost status | Source of classification or shelving scheme | Damaged status | Home library | Current library | Shelving location | Date acquired | Source of acquisition | Sub Shelving location | Total Checkouts | Full call number | Barcode | Date last seen | Price effective from | Koha item type |
|---|---|---|---|---|---|---|---|---|---|---|---|---|---|---|---|
| Library of Congress Classification | College Library | College Library | Graduate Section | 10/04/2016 | Library Fund | QA 76.76.S65 .K85 2015 | C20735 | 05/15/2018 | 10/04/2016 | Books |